000
00272nam a22001217a 4500
020
_a
0-08-028325-X
082
_a
623-BRA RYA
100
_a
RYAN, J.W
_9
42173
245
_a
GUNS, MORTARS AND ROCKETS
260
_a
USA
_b
BRASSEY,S
_c
1982
300
_a
XIII,227P
942
_c
BK
999
_c
580097
_d
580097